00935cam a2200241 a 45000010009000000050017000090080041000260100017000670200031000840400018001150430012001330500025001451000020001702450120001902500012003102600052003223000035003744900066004095040053004756500044005286500038005728560083006101494949720210127085849.0070801s2008 nyua b 001 0 eng  a 2007031554 a9780805861396 (alk. paper) aDLCcDLCdDLC an-us---00aLC1099.3 b.S69 20081 aSpring, Joel H.14aThe intersection of cultures :bmulticultural education in the United States and the global economy /cJoel Spring. a4th ed. aNew York :bLawrence Erlbaum Associates,c2008. axvii, 315 p. :bill. ;c23 cm.0 aSociocultural, political, and historical studies in education aIncludes bibliographical references and indexes. 0aMulticultural educationzUnited States. 0aInternational economic relations.413Table of contents onlyuhttp://www.loc.gov/catdir/toc/ecip0724/2007031554.html